South Eastern Kenya University

Library Online Public Access Catalogue


Chemistry in the market place / (Record no. 2205)

MARC details
000 -LEADER
fixed length control field 00415cam a2200145 i 4500
020 ## - ISBN
International Standard Book Number 0708107281
050 00 - LIBRARY OF CONGRESS CALL NUMBER
Classification Number QD31.2
Item Number .S45 1978
100 1# - MAIN ENTRY--Author
Personal name Selinger, B. K.
245 10 - TITLE
Title Chemistry in the market place /
Statement of responsibility, etc [by] Ben Selinger.
250 ## - EDITIONSTATEMENT
Edition statement 2nd ed.
260 ## - PUBLICATION, DISTRIBUTION, ETC.(IMPRINT)
Place of publication, distribution, etc Canberra :
Name of publisher, distributor, etc Australian National University Press,
Date of publication, distribution, etc 1978.
300 ## - PHYSICAL DESCRIPTION
Extent xxxiii, 454 p. :
650 #0 - SUBJECT--TOPIC
Form subdivision environmental chemistry
General subdivision chemistry
942 ## - ADDED ENTRY ELEMENTS(KOHA)
Koha item type General circulation
Holdings
Source of classification or shelving scheme Not for loan Location (home branch) Sublocation (holding branch) Date accessioned Cost, normal purchase price Full call number Barcode Cost, replacement price Koha item type Public note
Library of Congress Classification   Main Campus Library Main Campus Library 28/08/2014 704.00 QD 31.2 .S45 1978 2015/009554 1204.00 General circulation jm
Kitui, Kenya.
+254736116989
library@seku.ac.ke